[Event "I Norway Chess 2013"]
[Site "Sandnes NOR"]
[Date "2013.05.13"]
[Round "5.5"]
[White "Hammer, Jon Ludvig"]
[Black "Wang, Hao"]
[Result "1-0"]
[WhiteElo "2608"]
[BlackElo "2743"]
[PlyCount "83"]
[EventDate "2013.05.08"]
[EventType "tourn"]
[EventRounds "9"]
[EventCountry "NOR"]
[EventCategory "21"]
[Source "lmi"]
[SourceDate "2013.05.08"]

1. d4 Nf6 2. c4 g6 3. f3 Bg7 4. e4 d6 5. Ne2 a6 6. Nec3 c6 7. Na3 b5 8. Nc2 O-O
9. Be3 Nbd7 10. cxb5 axb5 11. Be2 Bb7 12. O-O e5 13. Qd2 exd4 14. Bxd4 Qe7 15.
a3 Nc5 16. Rad1 Rfd8 17. Bf2 Ne6 18. Bh4 Rd7 19. Qc1 Qe8 20. Rfe1 Nh5 21. Bf1
Be5 22. g3 f6 23. f4 g5 24. fxe5 gxh4 25. exd6 hxg3 26. hxg3 Rg7 27. Ne2 Nxg3
28. Nxg3 Rxg3+ 29. Kf2 Rg7 30. Ne3 Qh5 31. Nf5 Rg5 32. Re3 Qh2+ 33. Ke1 Nf4 34.
d7 Rd8 35. Qc3 Rg1 36. Rg3+ Rxg3 37. Nxg3 Qh4 38. Kf2 Kf7 39. b4 Ne6 40. Qf3
Ng5 41. Qf5 Ne6 42. Bh3 1-0

[Event "I Norway Chess 2013"]
[Site "Sandnes NOR"]
[Date "2013.05.15"]
[Round "7.1"]
[White "Svidler, Peter"]
[Black "Topalov, Veselin"]
[Result "1/2-1/2"]
[WhiteElo "2769"]
[BlackElo "2793"]
[PlyCount "67"]
[EventDate "2013.05.08"]
[EventType "tourn"]
[EventRounds "9"]
[EventCountry "NOR"]
[EventCategory "21"]
[Source "lmi"]
[SourceDate "2013.05.08"]

1. e4 c5 2. Nf3 d6 3. Bb5+ Nd7 4. O-O Ngf6 5. d4 cxd4 6. Qxd4 a6 7. Bxd7+ Bxd7
8. Bg5 e6 9. Nbd2 Bc6 10. Rfd1 Be7 11. e5 dxe5 12. Qxd8+ Rxd8 13. Nxe5 Rd5 14.
Ndf3 Rxd1+ 15. Rxd1 Be4 16. Rd4 Bxf3 17. Nxf3 Nd5 18. c4 Nb4 19. Bxe7 Kxe7 20.
Ne5 Rd8 21. Rxd8 Kxd8 22. a3 Nc6 23. Nxc6+ bxc6 24. f4 c5 25. b4 a5 26. b5 f5
27. Kf2 a4 28. Kg3 g6 29. Kh4 h6 30. g4 Kd7 31. gxf5 exf5 32. Kg3 Kc7 33. h4 h5
34. Kf2 1/2-1/2

[Event "I Norway Chess 2013"]
[Site "Sandnes NOR"]
[Date "2013.05.17"]
[Round "8.4"]
[White "Carlsen, Magnus"]
[Black "Wang, Hao"]
[Result "0-1"]
[WhiteElo "2868"]
[BlackElo "2743"]
[PlyCount "121"]
[EventDate "2013.05.08"]
[EventType "tourn"]
[EventRounds "9"]
[EventCountry "NOR"]
[EventCategory "21"]
[Source "lmi"]
[SourceDate "2013.05.08"]

1. c4 c5 2. Nf3 Nc6 3. Nc3 e5 4. d3 d6 5. a3 a5 6. g3 Nge7 7. Bg2 g6 8. Bg5 Bg7
9. Bxe7 Qxe7 10. O-O O-O 11. Nd2 Be6 12. Rb1 Rfc8 13. Nd5 Qd8 14. b4 axb4 15.
axb4 Bxd5 16. Bxd5 cxb4 17. Ne4 Rc7 18. Qd2 Kh8 19. Ra1 Rb8 20. Rfb1 h6 21.
Bxc6 bxc6 22. Rxb4 d5 23. Rxb8 Qxb8 24. Nd6 e4 25. Ra6 exd3 26. exd3 Kh7 27.
Kg2 dxc4 28. dxc4 Rd7 29. c5 Bf8 30. Rb6 Qc7 31. Rb3 Qa7 32. Rc3 Bxd6 33. cxd6
Qa5 34. h4 Rxd6 35. Qe3 Qd5+ 36. Qf3 h5 37. Qxd5 cxd5 38. Kf3 Kg7 39. Rc7 Kf6
40. Ke3 Ra6 41. Rd7 Ke6 42. Rb7 Ra3+ 43. Kf4 Ra4+ 44. Ke3 Re4+ 45. Kd3 Re1 46.
Rb6+ Kf5 47. Rb7 f6 48. Rd7 Re5 49. f3 Ke6 50. Rg7 g5 51. Rh7 g4 52. fxg4 hxg4
53. Rg7 f5 54. Rg6+ Kf7 55. Ra6 Re1 56. Kd2 Rg1 57. Ra3 Rg2+ 58. Ke1 Kf6 59.
Kf1 Rc2 60. Ra6+ Ke5 61. h5 0-1